Top 50 Pop Albums - Statistics

General Stats
  • This quiz has been taken 28 times
  • The average score is 20 of 50
Answer Stats
Artist Album % Correct
#2: The Beatles Abbey Road
78%
#4: The Beatles Revolver
78%
#29: Michael Jackson Thriller
74%
#1: The Beach Boys Pet Sounds
70%
#6: The Beatles Sgt. Peppers Lonely Hearts Club Band
63%
#26: Prince and the Revolution Purple Rain
59%
#9: The Beatles Rubber Soul
59%
#28: Fleetwood Mac Rumours
59%
#8: The Beatles The Beatles
59%
#30: Weezer Weezer
59%
#36: Simon and Garfunkel Bridge Over Troubled Water
56%
#5: The Smiths The Queen is Dead
56%
#15: The Velvet Underground The Velvet Underground
56%
#7: Arcade Fire Funeral
48%
#43: The Smiths The Smiths
48%
#3: David Bowie The Rise and Fall of Ziggy Stardust and the Spiders from Mars
44%
#31: Radiohead A Moon Shaped Pool
41%
#38: R.E.M. Automatic for the People
41%
#40: Frank Ocean Blonde
41%
#10: Sufjan Stevens Illinois
41%
#35: Lou Reed Transformer
41%
#21: The Smiths Hatful of Hollow
37%
#14: Kate Bush Hounds of Love
37%
#12: David Bowie Hunky Dory
37%
#18: The Beatles Magical Mystery Tour
37%
#39: Animal Collective Merriweather Post Pavilion
37%
#44: Weezer Pinkerton
37%
#17: Pink Floyd The Piper at the Gates of Dawn
37%
#20: Depeche Mode Violator
37%
#41: The Flaming Lips Yoshimi Battles the Pink Robots
37%
#11: Björk Homogenic
33%
#33: Björk Post
33%
#46: Prince Sign 'O' the Times
33%
#49: Animal Collective Strawberry Jam
33%
#27: The Flaming Lips The Soft Bulletin
33%
#22: Björk Vespertine
33%
#34: George Harrison All Things Must Pass
30%
#48: Pulp Different Class
26%
#13: Love Forever Changes
26%
#19: Belle and Sebastian If You're Feeling Sinister
26%
#47: John Lennon / Plastic Ono Band John Lennon / Plastic Ono Band
26%
#32: R.E.M. Murmur
26%
#25: Fishmans Long Season
22%
#16: The Zombies Odessey and Oracle
22%
#23: The Kinks The Kinks Are the Village Green Preservation Society
19%
#24: Kraftwerk The Man-Machine
19%
#37: Kate Bush The Dreaming
15%
#45: Elliott Smith XO
15%
#50: Serge Gainsbourg Histoire de Melody Nelson
7%
#42: The Kinks Arthur (Or the Decline and Fall of the British Empire)
4%
No matching quizzes found
Score Distribution
Percent of People with Each Score
Percentile by Number Answered
Your Score History
You have not taken this quiz